000 01040 a2200229 4500
003 Nust
005 20220720123912.0
020 _a0-471-29048-3
040 _cNust
082 0 4 _a003,GAL
100 1 _aGallager, Robert G.
_994037
245 0 0 _aInformation theory and reliable communication /
_cRobert G. Gallager
260 _aNew York ... :
_bWiley,
_ccop. 1968
300 _axiv, 588 s.
505 _aCommunication Systems and Information Theory (Page-1), A Measure of Information (Page-13), Coding for Discrete Sources (Page-38), Discrete Memoryless Channels and Capacity (Page-71), The Noisy-Channel Coding Theorem (Page-116), Techniques for Coding and Decoding (Page-196), Memoryless Channels with Discrete Time (Page-316), Waveform Channels (Page-355), Source Coding with a Fidelity Criterion (Page-442).
650 0 _aData transmission systems
_917977
650 0 _aInformation theory
_93107
650 0 _aInformationsteori
_994038
650 0 _aInformationsteori
_994038
650 0 _aTelecommunication
942 _2ddc
_cREF
999 _c190466
_d190466